000 00594nam a2200193Ia 4500
005 20250508155806.0
008 008 250505s9999 xx 000 0 eng d
037 _aDissertations
040 _aFEDL
_beng
_cFEDL
041 _aeng
_2eng
084 _a371.1, TAN/DI
_qFEDL
100 _aTandon Radhika
_9563365
245 0 _aInvestigation into the relationship between teaching skills and students percetion of teachers
260 _c1976
300 _a76p.
546 _aM. Ed. Dissertation (Delhi University)
942 _cDIS
_h371.1, TAN/DI
999 _c1359307
_d1359307